LEADER 01063nam--2200373---450- 001 990000607730203316 005 20050728141609.0 010 $a0-415-03553-2$bpbk 035 $a0060773 035 $aUSA010060773 035 $a(ALEPH)000060773USA01 035 $a0060773 100 $a20010904d1990----km-y0itay0103----ba 101 $aeng 102 $aGB 105 $a||||||||001yy 200 1 $aNow you see it$estudies on lesbian and gay film$fRichard Dyer 210 $aLondon$cRoutledge$d1990 215 $aXI, 328 p.$cill.$d22 cm 410 $12001 606 0 $aOmosessualità nei film$xSaggi 676 $a791.43653 700 1$aDYER,$bRichard$0547301 801 0$aIT$bsalbc$gISBD 912 $a990000607730203316 951 $aXIII.2. 1521(II i B 1083)$b108109 LM$cII i B 959 $aBK 969 $aUMA 979 $aPATTY$b90$c20010904$lUSA01$h1716 979 $c20020403$lUSA01$h1710 979 $aPATRY$b90$c20040406$lUSA01$h1642 979 $aCOPAT3$b90$c20050728$lUSA01$h1416 996 $aNow you see it$9957491 997 $aUNISA LEADER 02308nam 2200493 450 001 9910132251503321 005 20230621140032.0 010 $a9788579820243 (ebook) 035 $a(CKB)3710000000347416 035 $a(SSID)ssj0001669432 035 $a(PQKBManifestationID)16459987 035 $a(PQKBTitleCode)TC0001669432 035 $a(PQKBWorkID)15004813 035 $a(PQKB)10557371 035 $a(WaSeSS)IndRDA00056872 035 $a(oapen)https://directory.doabooks.org/handle/20.500.12854/44462 035 $a(EXLCZ)993710000000347416 100 $a20160829d2009 uy | 101 0 $apor 135 $aur||||||||||| 181 $ctxt 182 $cc 183 $acr 200 10$aCUT$b[electronic resource] $eos militantes e a ideologia /$fLeôncio Martins Rodrigues 210 $cSciELO Books - Centro Edelstein$d2009 210 31$aRio de Janeiro :$cCentro Edelstein,$d2009 215 $a1 online resource (71 pages) 300 $aBibliographic Level Mode of Issuance: Monograph 320 $aIncludes bibliographical references. 330 $aEste trabalho tem como objetivo, precisamente, o estudo do III CONCUT. Interessou-nos traçar um perfil dos delegados e efetuar uma análise das teses apresentadas, o que significa dizer analisar as tendências políticas presentes no III CONCUT. Porém, considerando que dificilmente a luta de facções, as resoluções e as modificações nos estatutos aprovadas no III CONCUT poderiam ser entendidas sem referência ao passado, fomos levados a efetuar uma rápida avaliação dos congressos anteriores da CUT. Desse modo, este estudo assumiu, um pouco forçadamente, o caráter de uma história da CUT. Queremos advertir, no entanto, que se trata de uma reconstituição histórica superficial.[...][trecho retirado da Apresentação do livro] 517 1 $aCUT 606 $aPolitical Science Theory$2HILCC 606 $aPolitical Science$2HILCC 606 $aLaw, Politics & Government$2HILCC 610 $aPOLITICAL SCIENCE 615 7$aPolitical Science Theory 615 7$aPolitical Science 615 7$aLaw, Politics & Government 700 $aRodrigues$b Leôncio Martins$0803135 801 0$bPQKB 801 2$bUkMaJRU 912 $a9910132251503321 996 $aCUT$92001530 997 $aUNINA